[Event "Langenhagen-ch op"]
[Site "Langenhagen"]
[Date "2010.10.02"]
[Round "6"]
[White "Herrmann, Andreas"]
[Black "Birkenbeul, Harald"]
[Result "1-0"]
[WhiteElo "2075"]
[BlackElo "1523"]
[PlyCount "105"]
[EventDate "2010.07.31"]
[EventType "swiss"]
[EventRounds "7"]
[EventCountry "GER"]
[SourceTitle "EXT 2021"]
[Source "ChessBase"]
[SourceDate "2020.10.23"]
[SourceVersion "1"]
[SourceVersionDate "2020.10.23"]
[SourceQuality "1"]

1. d4 d5 2. Nf3 Nf6 3. Bf4 Bf5 4. c3 h6 5. Qb3 Qc8 6. Nbd2 e6 7. Rc1 c5 8. dxc5 Nc6 9. e3 a6 10. Qa3 Be7 11. Be2 0-0 12. 0-0 Nh5 13. Bd6 Bxd6 14. cxd6 Nf6 15. c4 Qd7 16. Nd4 Nxd4 17. exd4 dxc4 18. Nxc4 Rad8 19. Rfd1 b5 20. Ne3 Qxd6 21. Nxf5 exf5 22. Qc5 Qe6 23. Bf3 Ne4 24. Bxe4 fxe4 25. d5 Qd6 26. b4 f5 27. g3 Rf6 28. a3 Rg6 29. Qd4 Qd7 30. Qe5 h5 31. Rc7 Qd6 32. Qxd6 Rdxd6 33. Kf1 h4 34. Ke2 hxg3 35. hxg3 Rh6 36. Ke3 Rd8 37. Kd4 Rhd6 38. Kc5 Kf8 39. Rc6 Ke7 40. Rxd6 Rxd6 41. Kd4 Kf6 42. Rc1 Ke7 43. Ke5 g6 44. Rc7+ Rd7 45. Rc6 Kf7 46. Rf6+ Kg7 47. Rxa6 Rb7 48. Ke6 Rf7 49. d6 Rf6+ 50. Ke5 Rf7 51. Rc6 g5 52. Rc7 e3 53. fxe3 1-0

[Event "Langenhagen-ch op"]
[Site "Langenhagen"]
[Date "2010.08.28"]
[Round "3"]
[White "Birkenbeul, Harald"]
[Black "Baum, Frank Christian"]
[Result "1/2-1/2"]
[WhiteElo "1523"]
[BlackElo "1656"]
[PlyCount "82"]
[EventDate "2010.07.31"]
[EventType "swiss"]
[EventRounds "7"]
[EventCountry "GER"]
[SourceTitle "EXT 2021"]
[Source "ChessBase"]
[SourceDate "2020.10.23"]
[SourceVersion "1"]
[SourceVersionDate "2020.10.23"]
[SourceQuality "1"]

1. c4 Nf6 2. Nc3 g6 3. d4 Bg7 4. Bg5 d6 5. e4 0-0 6. h3 Nbd7 7. Nf3 e5 8. d5 a6 9. a4 Qe8 10. b4 h6 11. Be3 Nh7 12. Qd2 g5 13. Bd3 f5 14. Qc2 f4 15. Bd2 Qh5 16. 0-0-0 a5 17. Nb5 axb4 18. Bxb4 Nc5 19. Bxc5 dxc5 20. Nxc7 Rb8 21. Qb2 Qf7 22. Na6 Ra8 23. Nxc5 Qc7 24. Qb4 b6 25. Nb3 Bd7 26. Kd2 Bxa4 27. Ra1 Bxb3 28. Qxb3 Qc5 29. Ke2 Nf6 30. Rhb1 Rxa1 31. Rxa1 g4 32. Nxe5 Nxe4 33. Bxe4 Bxe5 34. Rf1 f3+ 35. gxf3 gxh3 36. f4 Rxf4 37. Qg3+ Kf8 38. Qg6 Qxc4+ 39. Bd3 Qxd5 40. Qxh6+ Ke7 41. Qxh3 Kd6 1/2-1/2

[Event "Hannover Region-ch"]
[Site "Hannover"]
[Date "2009.03.21"]
[Round "7"]
[White "Birkenbeul, Harald"]
[Black "Krueger, Finn"]
[Result "1/2-1/2"]
[WhiteElo "1531"]
[BlackElo "1456"]
[PlyCount "66"]
[EventDate "2009.01.10"]
[EventType "swiss"]
[EventRounds "7"]
[EventCountry "GER"]
[SourceTitle "EXT 2021"]
[Source "ChessBase"]
[SourceDate "2020.10.23"]
[SourceVersion "1"]
[SourceVersionDate "2020.10.23"]
[SourceQuality "1"]

1. d4 d5 2. c4 e6 3. Nf3 Nc6 4. c5 b6 5. Qa4 Bd7 6. Qc2 Nf6 7. Bf4 Ne4 8. Nbd2 bxc5 9. Nxe4 dxe4 10. Qxe4 Nxd4 11. Nxd4 cxd4 12. Qxd4 f6 13. Qc4 Bd6 14. Rc1 Rb8 15. Rc2 Bb4+ 16. Bd2 Bxd2+ 17. Rxd2 0-0 18. g3 Qe7 19. Bh3 f5 20. Qxc7 Rfc8 21. Qe5 Rc1+ 22. Rd1 Qb4+ 23. Kf1 Rxd1+ 24. Kg2 Bc6+ 25. f3 Rxh1 26. Kxh1 Qe1+ 27. Kg2 Re8 28. g4 fxg4 29. Bxg4 Bd5 30. b3 Qd2 31. a4 Bxb3 32. Qb5 Rf8 33. Qxb3 Qxe2+ 1/2-1/2

[Event "Hannover Region-ch"]
[Site "Hannover"]
[Date "2009.02.21"]
[Round "5"]
[White "Birkenbeul, Harald"]
[Black "Winkelbach, Marc"]
[Result "1-0"]
[WhiteElo "1531"]
[BlackElo "1430"]
[PlyCount "97"]
[EventDate "2009.01.10"]
[EventType "swiss"]
[EventRounds "7"]
[EventCountry "GER"]
[SourceTitle "EXT 2021"]
[Source "ChessBase"]
[SourceDate "2020.10.23"]
[SourceVersion "1"]
[SourceVersionDate "2020.10.23"]
[SourceQuality "1"]

1. d4 Nf6 2. c4 g6 3. Bg5 Bg7 4. e3 0-0 5. h3 d5 6. Bd3 c5 7. Nf3 cxd4 8. exd4 b6 9. Bxf6 exf6 10. 0-0 Be6 11. b3 Nc6 12. Na3 Rc8 13. Rc1 dxc4 14. Bxc4 Ne7 15. Qd2 Qd7 16. Rfd1 Bxh3 17. d5 Qg4 18. Ne1 Nf5 19. Rc3 Bh6 20. Qc2 Bxg2 21. Nxg2 Nd4 22. Qd3 Nf5 23. Qf3 Qg5 24. Kf1 Nd6 25. Rcd3 Bg7 26. Ba6 Rc5 27. Nc4 Nxc4 28. Bxc4 b5 29. Bxb5 Rxb5 30. d6 Rd8 31. d7 Qh6 32. Rd5 Rb6 33. Nf4 g5 34. Ng2 f5 35. Rxf5 Qh1+ 36. Ke2 Re6+ 37. Ne3 Qxf3+ 38. Kxf3 Rf6 39. Kg4 h6 40. Nd5 Re6 41. Nc7 Re7 42. Rfd5 Re4+ 43. Kh3 Be5 44. Nb5 h5 45. f3 g4+ 46. fxg4 hxg4+ 47. Kg2 Kg7 48. Nxa7 Ra8 49. Rxe5 1-0

[Event "Langenhagen-ch op"]
[Site "Langenhagen"]
[Date "2008.07.06"]
[Round "7"]
[White "Birkenbeul, Harald"]
[Black "Baum, Frank Christian"]
[Result "0-1"]
[WhiteElo "1575"]
[BlackElo "1514"]
[PlyCount "118"]
[EventDate "2008.05.04"]
[EventType "tourn"]
[EventRounds "7"]
[EventCountry "GER"]
[SourceTitle "EXT 2021"]
[Source "ChessBase"]
[SourceDate "2020.10.23"]
[SourceVersion "1"]
[SourceVersionDate "2020.10.23"]
[SourceQuality "1"]

1. d4 b6 2. e4 Bb7 3. Nc3 e6 4. a3 Nf6 5. Bg5 Be7 6. Bd3 d6 7. Nf3 Nbd7 8. Qe2 c5 9. Bb5 0-0 10. Bxd7 Nxd7 11. Bxe7 Qxe7 12. Rd1 Rfd8 13. 0-0 Rac8 14. Rfe1 cxd4 15. Rxd4 Nc5 16. Red1 Rd7 17. b4 e5 18. Nd5 Bxd5 19. Rxd5 Na4 20. R1d3 Nc3 21. Rxc3 Rxc3 22. Qd2 Rxa3 23. h3 Rxf3 24. gxf3 Qf6 25. Rd3 Kf8 26. c4 Ke7 27. c5 bxc5 28. bxc5 Qe6 29. c6 Rc7 30. Qb4 Rxc6 31. Qb8 Qd7 32. Ra3 Rc7 33. Kg2 Ke6 34. Qb3+ Kf6 35. Qe3 Kg6 36. Ra6 Qe7 37. Kh2 Rd7 38. f4 exf4 39. Qxf4 f6 40. f3 Qe5 41. Kg3 h5 42. h4 Kf7 43. Rc6 g5 44. Qxe5 dxe5 45. Ra6 Kg6 46. Ra3 Rf7 47. Ra6 Rd7 48. Ra3 Rc7 49. Kh3 Rb7 50. Kg3 Rd7 51. Kh3 Rc7 52. Kg3 Rb7 53. Kh3 a5 54. Kg3 a4 55. Rxa4 Rb3 56. hxg5 Kxg5 57. Ra2 h4+ 58. Kg2 Kf4 59. Rf2 h3+ 0-1

[Event "Langenhagen-ch op"]
[Site "Langenhagen"]
[Date "2008.06.14"]
[Round "3"]
[White "Birkenbeul, Harald"]
[Black "Wittur, Helge"]
[Result "0-1"]
[WhiteElo "1575"]
[BlackElo "1896"]
[PlyCount "90"]
[EventDate "2008.05.04"]
[EventType "tourn"]
[EventRounds "7"]
[EventCountry "GER"]
[SourceTitle "EXT 2021"]
[Source "ChessBase"]
[SourceDate "2020.10.23"]
[SourceVersion "1"]
[SourceVersionDate "2020.10.23"]
[SourceQuality "1"]

1. d4 Nf6 2. c4 e5 3. d5 Bc5 4. Nf3 d6 5. h3 Ne4 6. e3 0-0 7. Nbd2 f5 8. Nb3 Nd7 9. Bd2 f4 10. Nxc5 Ndxc5 11. Qe2 Nxd2 12. Qxd2 Ne4 13. Qe2 c5 14. 0-0-0 Ng5 15. e4 Bd7 16. Kb1 Nxe4 17. Ka1 Nf6 18. Qc2 e4 19. Ng5 Bf5 20. f3 Re8 21. Re1 Nxd5 22. Nxe4 Bxe4 23. Rxe4 Nb4 24. Qe2 Rxe4 25. Qxe4 Qe8 26. Bd3 Nxd3 27. Qxd3 Qe5 28. Rd1 Re8 29. a3 Re6 30. Rd2 g6 31. Ka2 Kf7 32. Qb3 b6 33. Qa4 Re7 34. Qc6 Qe6 35. b3 Rd7 36. a4 d5 37. Qc8 d4 38. Qh8 h5 39. Qh7+ Kf6 40. Qh6 Qe3 41. Qf8+ Kg5 42. Rb2 Qe7 43. Qb8 d3 44. h4+ Kf5 45. Rd2 Rd8 0-1

[Event "Langenhagen-ch op"]
[Site "Langenhagen"]
[Date "2008.05.24"]
[Round "1"]
[White "Birkenbeul, Harald"]
[Black "Herrmann, Andreas"]
[Result "0-1"]
[WhiteElo "1575"]
[BlackElo "2106"]
[PlyCount "38"]
[EventDate "2008.05.04"]
[EventType "tourn"]
[EventRounds "7"]
[EventCountry "GER"]
[SourceTitle "EXT 2021"]
[Source "ChessBase"]
[SourceDate "2020.10.23"]
[SourceVersion "1"]
[SourceVersionDate "2020.10.23"]
[SourceQuality "1"]

1. d4 Nf6 2. c4 e6 3. Bg5 Bb4+ 4. Nc3 c5 5. d5 Bxc3+ 6. bxc3 Qa5 7. Bxf6 gxf6 8. Qc2 f5 9. e3 d6 10. Be2 Nd7 11. Nh3 Nf6 12. Bf3 e5 13. Ng1 Bd7 14. Bd1 0-0-0 15. Ne2 Rhg8 16. 0-0 Rg6 17. Kh1 Rdg8 18. Rg1 Ng4 19. Ng3 Qxc3 0-1

[Event "Hannover Region-ch"]
[Site "Hannover"]
[Date "2007.02.10"]
[Round "3"]
[White "Efremov, Igor"]
[Black "Birkenbeul, Harald"]
[Result "1-0"]
[WhiteElo "1609"]
[BlackElo "1429"]
[PlyCount "75"]
[EventDate "2007.01.13"]
[EventType "swiss"]
[EventRounds "7"]
[EventCountry "GER"]
[SourceTitle "EXT 2021"]
[Source "ChessBase"]
[SourceDate "2020.10.23"]
[SourceVersion "1"]
[SourceVersionDate "2020.10.23"]
[SourceQuality "1"]

1. e4 e5 2. Nf3 Nc6 3. Bc4 h6 4. d4 exd4 5. Nxd4 Bc5 6. Bxf7+ Kf8 7. Nxc6 bxc6 8. Bc4 Nf6 9. Nc3 Qe7 10. Qf3 d6 11. h3 Be6 12. Bxe6 Qxe6 13. 0-0 Kg8 14. Be3 Nd7 15. Bxc5 Nxc5 16. Qe3 Kh7 17. f4 Rhf8 18. e5 Rae8 19. g4 Kh8 20. Rae1 Qe7 21. b4 Nd7 22. e6 Nf6 23. Qxa7 d5 24. Qd4 Qd6 25. Na4 Ne4 26. Rxe4 dxe4 27. Qxd6 cxd6 28. f5 Ra8 29. Nc3 d5 30. a4 Rfd8 31. a5 Rab8 32. Rb1 Kg8 33. Kf2 Kf8 34. Kg3 e3 35. Ne2 d4 36. Rb3 Rd5 37. Nf4 Re5 38. Ng6+ 1-0

[Event "Hannover Region-ch"]
[Site "Hannover"]
[Date "2007.01.13"]
[Round "1"]
[White "Luetz, Bernd"]
[Black "Birkenbeul, Harald"]
[Result "1-0"]
[WhiteElo "1918"]
[BlackElo "1429"]
[PlyCount "65"]
[EventDate "2007.01.13"]
[EventType "swiss"]
[EventRounds "7"]
[EventCountry "GER"]
[SourceTitle "EXT 2021"]
[Source "ChessBase"]
[SourceDate "2020.10.23"]
[SourceVersion "1"]
[SourceVersionDate "2020.10.23"]
[SourceQuality "1"]

1. b3 e5 2. e3 d5 3. Bb2 Nc6 4. Bb5 Bd6 5. f4 Qe7 6. Nf3 Bg4 7. h3 Bxf3 8. Qxf3 Nf6 9. Qg3 0-0 10. 0-0 exf4 11. exf4 Bc5+ 12. Kh2 Nd4 13. Bd3 Rae8 14. Nc3 Qd7 15. Na4 b6 16. Nxc5 bxc5 17. Qh4 Qd6 18. b4 Qb6 19. a3 c4 20. Qf2 c5 21. c3 cxd3 22. cxd4 cxb4 23. axb4 Qxb4 24. Ba3 Qb8 25. Bxf8 Kxf8 26. Qf3 g5 27. Qxd3 gxf4 28. Qa3+ Kg7 29. Qxa7 Qb4 30. Rxf4 Qxd2 31. Rxf6 Kxf6 32. Rf1+ Kg5 33. Qxf7 1-0